Οι λέξεις και τα πράγματα : μια αρχαιολογία των επιστημών του ανθρώπου

Αποθηκεύτηκε σε:
Λεπτομέρειες βιβλιογραφικής εγγραφής
Κύριος συγγραφέας: Foucault, Michel, 1926-1984
Άλλοι συγγραφείς: Παπαγιώργης, Κωστής, 1947-2014 (Μεταφραστής)
Μορφή: Βιβλίο
Γλώσσα:Greek
French
Δημοσίευση: Αθήνα : Γνώση, 1986.
Σειρά:Φιλοσοφική και πολιτική βιβλιοθήκη ; v.17
Θέματα:
Ετικέτες: Προσθήκη ετικέτας
Δεν υπάρχουν, Καταχωρήστε ετικέτα πρώτοι!

MARC

LEADER 00000cam a2200000 i 4500
001 1/24849
008 960313s1986 gr | ||| |||| ||gre||
020 |a 9602352264 
035 |l 10022379 
035 |a ΛΕΣΒΟΣb10002038  |l 10002038 
035 |a 1998  |b 1  |c ΚΠΣ/Νηπιαγωγών 
035 |a 1998  |b 1  |c ΚΠΣ/ΔΕ 
040 |a GR-MyUa  |b gre  |e AACR2 
041 1 |a gre  |h fre 
082 7 |a 121   |2 (22) 
082 7 |a 100   |2 (22) 
082 7 |a 901.9   |2 (22) 
100 1 |a Foucault, Michel,   |d 1926-1984. 
245 1 3 |a Οι λέξεις και τα πράγματα :   |b μια αρχαιολογία των επιστημών του ανθρώπου /   |c Michel Foucault ; μετάφραση Κωστής Παπαγιώργης. 
260 |a Αθήνα :   |b Γνώση,   |c 1986. 
300 |a 528 σ. ;   |c 21 εκ. 
490 1 |a (Φιλοσοφική και πολιτική βιβλιοθήκη ;   |v  vol.17) 
500 |a Το Παράρτημα Ρόδου διαθέτει την 2η ανατύπωση του 1993. 
500 |a Τίτλος πρωτοτύπου: Les mots et les choses. 
650 0 |a Philosophy and science. 
650 0 |a Civilization. 
650 0 |a Philosophy. 
650 0 |a Social sciences. 
650 0 |a Learning and scholarship. 
700 1 |a Παπαγιώργης, Κωστής,   |d 1947-2014,  |e trl 
830 0 |a Φιλοσοφική και πολιτική βιβλιοθήκη ;  |v v.17 
852 |a INST  |b CHIOS  |e 19960313  |h 121 FOU  |p 005200002917  |q 005200002917  |t BK  |y 0 
852 |a INST  |b LESVOS  |e 19931125  |h 100 FOU  |p 005100003884  |q 005100003884  |t BK  |y 0 
852 |a INST  |b RHODES  |e 19980520  |h 901.9 FOU  |p 005400006390  |q 005400006390  |t BK  |y 0 
852 |a INST  |b RHODES  |e 19980407  |h 901.9 FOU  |p 005400010772  |q 005400010772  |t BK  |y 0 
901 |a BIBL-1998-1 
970 |z 1996/03